MDQL
is popping MORE tags! Check the
thread
!
Quizzes
Events
Quiz Creation
Community
Videos
Private Events
Remove Ads
Sign In
Join for FREE
Feedback
Dark Mode
Quiz Categories
Sports
Geography
Music
Movies
Television
Just For Fun
Miscellaneous
History
Literature
Language
Science
Gaming
Entertainment
Religion
Holiday
For Kids
Quiz Lab
Recent
Popular Today
Quiz Kudos Today
Editor Picks
Curator Picks
Quizzes by...
Day
Popularity
Type
Ratings
Length
Year
Community
Subscriptions
Recent Discussions
Orange Saloon
Badges
Playlists
Quests
Create
Leaderboards
Showdown
Live 5
Trivia Bingo
Activity
Puzzle Library
Sporcle Events
Private Events
Virtual Trivia
Globe League
Become a Host
Pub Owners
SporcleCon
Opinionation
Our Games
Videos
Blog
Mobile Apps
Partnerships
Remove Ads and Go Orange
Feedback
Sports
Athletes
MLB
NBA
NHL
NFL
Soccer
Sports Teams
WWE
NCAA
Football
Premier League
Basketball
Baseball
Hockey
Golf
Tennis
Cricket
Rugby
Auto Racing
Olympics
World Cup
Sports
Athletes
MLB
NBA
NHL
NFL
Soccer
Sports Teams
WWE
NCAA
Football
Premier League
Basketball
Baseball
Hockey
Golf
Tennis
Cricket
Rugby
Auto Racing
Olympics
World Cup
Random Quiz
Search Sporcle
×
Quiz Lab
Quiz Lab
Sports
NFL
Select answers by clicking on text or image buttons
Select answers by clicking on text or image buttons
Clickable
Best Score? Go Orange.
NFL Head Coach Hometown Stats
Can you pick the hometowns of NFL head coaches?
By
jsabdai
4m
32 Questions
39 Plays
39 Plays
39 Plays
Comments
Comments
Give Quiz Kudos
Give Quiz Kudos
-
- Ratings
hide this ad
Forced Order
Answers have to be entered in order
Answers have to be entered in order
Random Order
Randomize order of answers
Randomize order of answers
Replay
Link that replays current quiz
Next Quiz
Link to next quiz in quiz playlist
You Got
0%
They Got
Avg Score
11%
Avg Friend Score
Upgrade to see
Score Distribution
Jump to the score distribution portion of the page
Score
0/32
Timer
04:00
0
Plays Today
% Correct
Toledo, Ohio
35.9%
Toledo, Ohio
28.2%
Pittsburgh, Pennsylvania
28.2%
Annapolis, Maryland
28.2%
Minneapolis, Minnesota
17.9%
Dover, New Hampshire
17.9%
Tiffin, Ohio
17.9%
Los Angeles, California
15.4%
Waterloo, New York
15.4%
York, Pennsylvania
12.8%
San Francisco, California
12.8%
Chicago, Illinois
10.3%
Bronx, New York
10.3%
Doylestown, Pennsylvania
10.3%
Abington, Pennsylvania
10.3%
Beloit, Wisconsin
10.3%
% Correct
Naperville, Illinois
10.3%
Hampton, Virginia
10.3%
San Francisco, California
10.3%
Virginia Beach, Virginia
7.7%
Toronto, Ontario
7.7%
Big Sandy, Texas
7.7%
McDonald, Pennsylvania
5.1%
Zumbrota, Minnesota
5.1%
Springfield, Massachusetts
5.1%
Hurst, Texas
5.1%
Culver City, California
5.1%
Augusta, Georgia
5.1%
Monterey, California
2.6%
Dorchester, Massachusetts
2.6%
Boulder, Colorado
2.6%
Peoria, Illinois
2.6%
Quiz Playlist
Details
Report
Send in Message
Add To Playlist
Clickable:
Select answers by clicking on text or image buttons
Forced Order:
Answers have to be entered in order
Random Order:
Randomize order of answers
Last Updated: Feb 16, 2017
Quiz Scoreboard
CHALLENGE
Sign Up to Join the Scoreboard
Show All
Scores
Hide
Comments
May contain spoilers
Recently Published
Street Fighter Characters
by Artimus82
Gaming
60s
9x9 Crossword: Cartoon Network
by jackfrog10
Miscellaneous
3m
College Basketball Coaching Resumes
by pancakes188
Sports
9m
More to Explore
Quiz From the Vault
Featured Blog Post
Where Did the Easter Bunny Come From?
hide this ad
You Might Also Like...
Tags
NFL Quiz
Head Coach
Hometown
NFL Coach
Today's Top Quizzes in Sports
Browse Sports
hide this ad
Today's Top Quizzes in NFL
Browse NFL
Top Contributed Quizzes in Sports
1
2022 World Cup Stars
2
Les meilleurs buteurs des matchs entre le PSG et l’OM
3
FIFA Club World Cup Champions
4
Les entraîneurs de l'OM et du PSG au 21e siècle
5
Criteria MLB: Left Handed Sluggers
6
2023 MLB Unique Player Accomplishments
7
AFC Teams Reveal (Wrong Answers Minefield)
8
5-to-1: FBS Animal Nicknames
9
Players with Multiple 50 Home Run Seasons
10
5-to-1: UK Sports Teams
Explore More
Trending Topics
Harry Potter
NBA
Anime
Kpop
Marvel
Crossword
Disney
Song
The Office
Pokémon
NFL
WWE
Soccer
Puzzle
Country
hide this ad
More By:
jsabdai
Quiz
Plays
Rating
Category
Featured
Created
2012 CFL Quarterbacks
91
5.00
Sports
Jul 2, 2012
2012 CFL Starting QBs and Schools
81
5.00
Sports
Jul 2, 2012
Ontario University Athletics Football
42
3.50
Sports
Oct 19, 2010
NFL Head Coach Hometown
39
5.00
Sports
Feb 19, 2014
Football Teams In Canada West
27
4.00
Sports
Oct 18, 2010
Go to Creator's Profile
Score Distribution
Quiz Creator Spotlight
jsabdai
Follow
Send a Message
Quizzes Created
-
Created Quiz Play Count
-
More By This Creator
Popular Quizzes Today
1
Find the US States - No Outlines Minefield
2
Find the Countries of Europe - No Outlines Minefield
3
The Countries of the World
4
Find the US States
5
Risky Map Clicking: Biggest States A-Z
6
US States
7
Popular People in 1961
8
Movies - When Are They Set?
More Sports Quizzes
NFL 2020 Offensive Projected Starters
Quiz Lab
Trending Quizzes
Risky Map Clicking: Least Populous States A-Z
Billboard Blitz: Aretha Franklin
Famous Russians: Author or Composer?
1-10 Letter G Words
Countries of the World: 200 Million BC
Recently Updated
Leaping Animals
pecheneg
Reality TV Shows (A-Z)
bhenderson79
Rickey Henderson's Hall of Fame Teammates
pecheneg
Champions League XIs: Arsenal
pecheneg
Quick Pick: Celebrities in WWE's Hall of Fame
aduchscher
A-Z Keypad Blitz II
pecheneg
Multiple Oscar Actors
pecheneg
Mystery Phrase Blitz: Oscar 'Best Actors'
pecheneg
F. Scott Fitzgerald Novels
LTH
Pick 3 Villains
ddd62291
Trending Topics
Disney
Anime
NBA
Kpop
Marvel
Crossword
Harry Potter
Song
NFL
WWE
Pokémon
Soccer
Puzzle
The Office
Country
Your Account Isn't Verified!
In order to create a playlist on Sporcle, you need to verify the email address you used during registration. Go to your
Sporcle Settings
to finish the process.
Report this User
Report this user for behavior that violates our
Community Guidelines
.
Details:
Send Report
Go to the Sporcle.com Mobile Site →
Comments